000 00527 a2200205 4500
005 20260202162328.0
008 260202b |||||||| |||| 00| 0 eng d
020 _a9788178794146
_cRs. 950.00
040 _aMAIN
082 _a796.01
_bV59T
100 _aVerma, J P
110 _aVerma, Parkash J
245 _aText book on sports statistics
260 _bSports Publication
_c2025
_aNew Delhi
300 _axiii, 382
650 _aPhysical Education
650 _aSports Statistics
650 _aSports
942 _cBK
999 _c394112
_d394112